Rehabilitación urbana de la calle Angel Flores en el centro histórico de Culiacán /

Gardado en:
Detalles Bibliográficos
Autor Principal: Perezcastro Villarreal, Enrique de Jesús (autor)
Formato: Tesis Libro
Idioma:Lingua castelá
Temas:
Etiquetas: Engadir etiqueta
Sen Etiquetas, Sexa o primeiro en etiquetar este rexistro!

MARC

LEADER 00000nam^a2200000^a^4500
001 000184492
005 20250521000000.0
009 20260310102116.138
037 |a Acervo ITESO - Biblioteca 
041 |a ESP 
090 |a ARQ. 753 
100 |a Perezcastro Villarreal, Enrique de Jesús  |e (autor) 
245 1 0 |a Rehabilitación urbana de la calle Angel Flores en el centro histórico de Culiacán /  |c E.J. Perezcastro Villarreal. 
264 |a Guadalajara, México :  |b edición de autor,  |c 2005 
300 |a 1 disco compacto de computadora 
336 |a datos para computadora  |b cod  |2 rdacontenido 
337 |a computadora  |b c  |2 rdamedio 
338 |a disco de computadora  |b cd  |2 rdasoporte 
502 |a ITESO Tesis de Licenciatura en Arquitectura 
649 |a XX 
650 |a Calles -  |z Culiacán, Sinaloa 
650 |a Calles -  |z México 
650 |a Infraestructura Urbana -  |z Culiacán, Sinaloa 
650 |a Infraestructura Urbana -  |z México 
650 |a Espacio Urbano -  |z Culiacán, Sinaola 
650 |a Espacio Urbano -  |z México 
650 |a Diseño Urbano -  |z Culiacán, Sinaola 
650 |a Diseño Urbano -  |z México 
650 |a Planeación Urbana -  |z Culiacán, Sinaloa 
650 |a Planeación Urbana -  |z México 
650 |a Proyecto Urbano -  |z Culiacán, Sinaola 
650 |a Proyecto Urbano -  |z México 
650 |a Desarrollo Urbano -  |z Culiacán, Sinaloa 
650 |a Desarrollo Urbano -  |z México 
650 |a Urbanismo -  |z Culiacán, Sinaloa 
650 |a Urbanismo -  |z México 
650 |a Arquitectura -  |z Culiacán, Sinaloa 
650 |a Arquitectura -  |z México 
910 |a Fondo General 
920 |a Electrónicos - Tesis del ITESO en Disco 
905 |a 202 
901 |a 0500125244  |b IT2  |c STS  |u 20250521 
902 |a https://opac.biblio.iteso.mx/vufind/Record/000184492